Logo BPK

Biblioteka

Politechniki Koszalińskiej

Mountain adventure : (Rekord nr 47609)

Szczegóły MARC
000 -ETYKIETA REKORDU
podpole kontrolne o stałej długości 00341nam a2200133 i 4500
001 - NUMER KONTROLNY REKORDU
pole kontrolne bgj
040 ## - ŹRÓDŁO KATALOGOWANIA
Instytucja, która utworzyła rekord BPK
041 ## - KOD JĘZYKA
Kod języka tekstu eng
008 - POLE O STAŁEJ DŁUGOŚCI - DANE KONTROLNE
podpole kontrolne o stałej długości s uk f |000 0 eng
100 1# - NAZWA OSOBOWA
Nazwa osobowa FISHER, Ron
245 #0 - TYTUŁ/ODPOWIEDZIALNOŚĆ
Tytuł Mountain adventure :
Ciąg dalszy tytułu exploring the Appalachian Trail /
Pozostałe elementy strefy tytułu i oznaczenia odpowiedzialności Ron Fisher.
260 ## - STREFA ADRESU WYDAWNICZEGO
Miejsce wydania Washington D.C.,
Data publikacji, dystrybucji/powstania dokumentu cop. 1988.
856 ## - LOKALIZACJA I DOSTĘP DO ELEKTRONICZNYCH DOKUMENTÓW ZDALNYCH
Link (URL) http://koha.tu.koszalin.pl/cgi-bin/koha/opac-detail.pl?biblionumber=47609
Tekst linku Katalog online BPK
942 ## - DODATKOWE ELEMENTY (KOHA)
Typ dokumentu Książka
Egzemplarze
Wycofany Status egzemplarza Uszkodzony Dostępność Lokalizacja stała Lokalizacja bieżąca Miejsce przechowywania Sygnatura Kod kreskowy Typ dokumentu
      Dostępny Biblioteka Politechniki Koszalińskiej Biblioteka Politechniki Koszalińskiej Wypożyczalnia Językowa KA 4019 09019522 Książka
© 2023 Biblioteka Politechniki Koszalińskiej :: KOHA